| 000 | 00660nam a2200157Ia 4500 | ||
|---|---|---|---|
| 008 | 100204s9999 xx 000 0 und d | ||
| 082 | _b24970 | ||
| 100 | _aआर्चर जेफ्री | ||
| 245 | _aनॉट अ पेनी मोअर नॉट अ पेनी लेस | ||
| 260 |
_b"मेहता पब्लिशिंग हाऊस , पुणे" _c1999 |
||
| 300 | _a203 | ||
| 630 | _aनॉट अ पेनी मोअर नॉट अ पेनी लेस | ||
| 700 | _aनरवणे अंजनी | ||
| 730 | _aनॉट अ पेनी मोअर नॉट अ पेनी लेस | ||
| 942 | _cBOOK | ||
| 999 |
_c470149 _d470146 |
||